000 00952nmm a2200337 a 4500
003 AR-BaBNM
005 20251128210910.0
008 271020s2001 ||||||||||||||000 | spa||
020 _a950-34-0139-9
040 _cAR-BaBNM
245 1 0 _aOrientación - trabajo - instituciones
250 _a2ª ed.
260 _aLa Plata
_bEditorial de la Universidad Nacional de La Plata
_c2001
300 0 _a221 p.
_btablas
500 0 _aContiene referencias bibliográficas
650 4 _aDESEMPLEO
650 4 _aORIENTACION PROFESIONAL
650 4 _aEDUCACION Y EMPLEO
651 4 _aArgentina
653 _aORIENTACION VOCACIONAL
653 0 _aCAPACITACION LABORAL
653 0 _aINSTITUCIONES EDUCATIVAS
700 1 _aGavilán, Mirta
_ecompilador
700 1 _aCullen, Carlos A.
700 1 _aForgeot, Gerard
700 1 _aGautié, Jérôme
700 1 _aLabourdette, Sergio
700 1 _aNeffa, Julio
942 _cBK
998 _cRAQUEL
999 _c17359
_d17359